[Event "37th World U20 ch"]
[Site "Kozhikode IND"]
[Date "1998.11.30"]
[Round "13.16"]
[White "Dervishi, Erald"]
[Black "Ramu, K."]
[Result "1-0"]
[WhiteElo "2430"]
[BlackElo "2125"]
[EventDate "1998.11.17"]
[PlyCount "58"]

1.e4 c5 2.Nf3 e6 3.d4 cxd4 4.Nxd4 Nc6 5.Nb5 d6 6.c4 Nf6 7.N1c3 a6 8.Na3 
Be7 9.Be2 O-O 10.O-O b6 11.Be3 Bb7 12.f3 Qc7 13.Rc1 Rac8 14.Qd2 Nd7 15.Nd5
exd5 16.cxd5 b5 17.dxc6 Bxc6 18.Nc2 Nc5 19.Nd4 Qb7 20.b4 Ne6 21.Nxc6 Rxc6 
22.Rxc6 Qxc6 23.Rc1 Qa8 24.Bd1 Rc8 25.Bb3 Nf8 26.Kf2 Qb8 27.Qd5 Ne6 28.Rc6
Rf8 29.Rxa6 Qc8 1-0

[Event "37th World U20 ch"]
[Site "Kozhikode IND"]
[Date "1998.11.30"]
[Round "13.18"]
[White "Al-Rakib, Abdullah"]
[Black "Khamrakulov, Ibragim"]
[Result "1-0"]
[WhiteElo "2350"]
[BlackElo "2315"]
[EventDate "1998.11.17"]
[PlyCount "73"]

1.d4 Nf6 2.Nf3 g6 3.Nc3 d5 4.Bf4 Bg7 5.e3 c6 6.Be2 Nbd7 7.h4 Qb6 8.Rb1 h6 
9.Kf1 Nf8 10.b4 Ne6 11.Ne5 Nxf4 12.exf4 Qc7 13.Bf3 Be6 14.Qe2 Qd6 15.Na4 
b6 16.c4 Bf5 17.Rc1 O-O 18.c5 bxc5 19.Nxc5 h5 20.g3 Rfb8 21.Qd2 Rb5 22.Kg2
Nd7 23.a4 Rbb8 24.Ncxd7 Bxd7 25.Rc5 e6 26.Rhc1 Be8 27.Nxc6 Bxc6 28.Rxc6 
Qe7 29.b5 Qa3 30.f5 exf5 31.Bxd5 Rd8 32.R6c3 Qxa4 33.Bxa8 Rxa8 34.Rc8+ 
Rxc8 35.Rxc8+ Kh7 36.d5 Qxb5 37.Rc7 1-0

[Event "37th World U20 ch"]
[Site "Kozhikode IND"]
[Date "1998.11.30"]
[Round "13.19"]
[White "Satyapragyan, Swayangsu"]
[Black "Karatekin, Tamer"]
[Result "1-0"]
[WhiteElo "2210"]
[BlackElo "2325"]
[EventDate "1998.11.17"]
[PlyCount "99"]

1.e4 c6 2.d4 d5 3.e5 c5 4.dxc5 e6 5.Nf3 Bxc5 6.Bd3 Ne7 7.O-O Ng6 8.Nbd2 
Nc6 9.Nb3 Be7 10.Qe2 O-O 11.c3 Bd7 12.Bd2 Qc7 13.Rfe1 Rac8 14.h4 f5 15.
exf6 gxf6 16.Nfd4 e5 17.Qh5 Rf7 18.Nb5 Qd8 19.Bxg6 hxg6 20.Qxg6+ Rg7 21.
Qd3 Be8 22.c4 d4 23.Qh3 a6 24.Na3 Bd7 25.Qf3 Be6 26.h5 Kh8 27.Bh6 Rg8 28.
Re4 f5 29.Ree1 e4 30.Qh3 Qd7 31.Rad1 f4 32.Qh2 f3 33.g3 Bf5 34.Nc2 d3 35.
Ne3 Rce8 36.Bf4 Qe6 37.Kh1 Kh7 38.Nd2 Bf6 39.Nd5 Nd4 40.Nxe4 Bxe4 41.Rxe4 
Qf5 42.Rxe8 Rxe8 43.g4 Qe6 44.g5 Bd8 45.g6+ Kh8 46.h6 Qe1+ 47.Qg1 Qe4 48.
Bg5 Re5 49.Bf6+ Bxf6 50.g7+ 1-0

[Event "37th World U20 ch"]
[Site "Kozhikode IND"]
[Date "1998.11.30"]
[Round "13.23"]
[White "Belmonte, Diego Mariano"]
[Black "Panchanathan, Magesh Chandran"]
[Result "0-1"]
[WhiteElo "2200"]
[BlackElo "2280"]
[EventDate "1998.11.17"]
[PlyCount "78"]

1.d4 Nf6 2.c4 e6 3.Nc3 Bb4 4.e3 c5 5.Ne2 cxd4 6.exd4 d5 7.a3 Be7 8.c5 b6 
9.b4 O-O 10.g3 bxc5 11.dxc5 a5 12.Rb1 Na6 13.Bg2 Rb8 14.Bf4 axb4 15.Bxb8 
bxc3 16.Bd6 Nxc5 17.Bxe7 Qxe7 18.Nxc3 Ba6 19.Bf1 Qa7 20.Bxa6 Qxa6 21.Nb5 
Rb8 22.Qe2 Qa5+ 23.Kf1 d4 24.Kg2 d3 25.Qe5 Nfd7 26.Qb2 Qa8+ 27.f3 e5 28.
Rhe1 Qc6 29.Qb4 e4 30.Re3 d2 31.a4 exf3+ 32.Kf2 Ne5 33.Qd4 f6 34.h3 Qb6 
35.Kf1 Rd8 36.Qa1 Qe6 37.g4 Qc4+ 38.Kg1 Qf4 39.Qa2+ Kh8 0-1

[Event "37th World U20 ch"]
[Site "Kozhikode IND"]
[Date "1998.11.30"]
[Round "13.24"]
[White "Saurabh, Kherdekar"]
[Black "Leskiewicz, Maksymilian"]
[Result "0-1"]
[WhiteElo "2265"]
[BlackElo "2210"]
[EventDate "1998.11.17"]
[PlyCount "80"]

1.d4 Nf6 2.c4 g6 3.Nc3 Bg7 4.e4 d6 5.f3 O-O 6.Bg5 c5 7.d5 h6 8.Be3 e6 9.
Qd2 exd5 10.cxd5 h5 11.Nge2 a6 12.a4 Nbd7 13.Nc1 Ne5 14.Be2 Bd7 15.O-O b5 
16.axb5 axb5 17.Rxa8 Qxa8 18.Nxb5 Bxb5 19.Bxb5 Rb8 20.Be2 Qa4 21.b3 Qa3 
22.Qc2 Kh7 23.h3 Qb4 24.Bc4 Nxc4 25.bxc4 Nd7 26.Bf4 Bd4+ 27.Kh1 Ne5 28.Nd3
Qa3 29.Bxe5 dxe5 30.Rb1 Rxb1+ 31.Qxb1 Qa6 32.Qc1 Kg7 33.Kh2 h4 34.Ne1 Qa2 
35.f4 Qe2 36.Nf3 Be3 37.Qe1 Bxf4+ 38.Kh1 Qxc4 39.Nxh4 Qd3 40.Nf3 c4 0-1

[Event "37th World U20 ch"]
[Site "Kozhikode IND"]
[Date "1998.11.30"]
[Round "13.26"]
[White "De Silva, Nirosh"]
[Black "Bakre, Tejas"]
[Result "1/2-1/2"]
[WhiteElo "2025"]
[BlackElo "2290"]
[EventDate "1998.11.17"]
[PlyCount "82"]

1.e4 c5 2.Nf3 d6 3.d4 cxd4 4.Nxd4 Nf6 5.Nc3 Nc6 6.Bc4 Qb6 7.Nxc6 bxc6 8.
O-O Ba6 9.Be3 Qb7 10.Bxa6 Qxa6 11.f4 e6 12.e5 Nd5 13.Nxd5 cxd5 14.Qf3 Be7 
15.Qg3 g6 16.exd6 Bxd6 17.Bd4 O-O 18.Qg5 f5 19.h4 Qc4 20.c3 Bc5 21.Bxc5 
Qxc5+ 22.Kh1 Rae8 23.Rfe1 Qf2 24.Rab1 Kg7 25.Kh2 h6 26.Qg3 Qxg3+ 27.Kxg3 
Kf6 28.Kf3 g5 29.hxg5+ hxg5 30.g3 Rg8 31.Rh1 Rg6 32.Rh7 gxf4 33.gxf4 Reg8 
34.Rf1 Rg2 35.Rf2 R8g3+ 36.Ke2 Rg1 37.Kd2 Rg7 38.Rxg7 Kxg7 39.Kc2 Kf6 40.
b4 Rg8 41.Rd2 Rh8 1/2-1/2

[Event "37th World U20 ch"]
[Site "Kozhikode IND"]
[Date "1998.11.30"]
[Round "13.27"]
[White "Uberoi, Arjun"]
[Black "Janz, Frerik"]
[Result "0-1"]
[WhiteElo "2070"]
[BlackElo "2240"]
[EventDate "1998.11.17"]
[PlyCount "92"]

1.d4 d5 2.Nf3 Nf6 3.Bf4 g6 4.e3 Bg7 5.Bd3 O-O 6.O-O c5 7.c3 Nc6 8.Nbd2 Re8
9.Ne5 Nh5 10.Nxc6 bxc6 11.Bg5 Qb6 12.b3 a5 13.Nf3 Ba6 14.Rc1 Bb7 15.dxc5 
Qxc5 16.c4 Qb6 17.cxd5 cxd5 18.Qe2 h6 19.Bh4 e5 20.Bb5 Reb8 21.a4 e4 22.
Nd2 Rc8 23.Rfd1 Qe6 24.Nf1 f5 25.Ng3 Nf6 26.Bxf6 Qxf6 27.Qd2 d4 28.Rxc8+ 
Rxc8 29.Bc4+ Kh7 30.exd4 f4 31.Nf1 Re8 32.d5 Qg5 33.Re1 Re5 34.Qxa5 e3 35.
Qb6 f3 36.g3 exf2+ 37.Qxf2 Rxe1 38.Qxe1 Bd4+ 39.Kh1 Bxd5 40.Bxd5 Qxd5 41.
Qe7+ Bg7 42.h4 Qd1 43.Kg1 Qc2 44.Ne3 Qe2 45.Qa7 f2+ 46.Kh1 Qe1+ 0-1

[Event "37th World U20 ch"]
[Site "Kozhikode IND"]
[Date "1998.11.30"]
[Round "13.28"]
[White "Beenish, Bhatia"]
[Black "Chokshi, Manthan"]
[Result "1/2-1/2"]
[WhiteElo "2190"]
[BlackElo "2220"]
[EventDate "1998.11.17"]
[PlyCount "64"]

1.e4 c5 2.Nf3 d6 3.d4 cxd4 4.Nxd4 Nf6 5.Nc3 a6 6.Be2 e5 7.Nb3 Be7 8.O-O 
Be6 9.f4 Qc7 10.Kh1 Nbd7 11.Be3 Rc8 12.a4 O-O 13.f5 Bc4 14.g4 d5 15.exd5 
Nb6 16.Bxb6 Qxb6 17.g5 Nd7 18.Bxc4 Rxc4 19.Qe2 Rfc8 20.Nd2 Rb4 21.Nde4 
Rxb2 22.f6 Bb4 23.Qg4 Bxc3 24.Qxd7 Rd8 25.Qe7 Bb4 26.Qxe5 Bd6 27.Nxd6 Qxd6
28.Qxd6 Rxd6 29.c4 Rc2 30.Rac1 Ra2 31.Rb1 h6 32.c5 Rxd5 1/2-1/2

[Event "37th World U20 ch"]
[Site "Kozhikode IND"]
[Date "1998.11.30"]
[Round "13.29"]
[White "Sutkovic, Damir"]
[Black "Stinis, Steven"]
[Result "1-0"]
[WhiteElo "2205"]
[BlackElo "2005"]
[EventDate "1998.11.17"]
[PlyCount "32"]

1.c4 b6 2.Nc3 Bb7 3.e4 c5 4.g3 Nc6 5.f4 g6 6.Bg2 Bg7 7.Nf3 e6 8.O-O Nge7 
9.Qe1 Nb4 10.Rb1 d5 11.exd5 exd5 12.Ne5 O-O 13.a3 Nbc6 14.cxd5 Nxd5 15.
Nxd5 Bxe5 16.fxe5 Nxe5 1-0

[Event "37th World U20 ch"]
[Site "Kozhikode IND"]
[Date "1998.11.30"]
[Round "13.30"]
[White "Alvarez Marquez, Johan Carlos"]
[Black "Hossain, Enamul"]
[Result "1/2-1/2"]
[WhiteElo "2200"]
[BlackElo "2335"]
[EventDate "1998.11.17"]
[PlyCount "87"]

1.d4 Nf6 2.c4 g6 3.Nc3 Bg7 4.Nf3 O-O 5.g3 d6 6.Bg2 Nc6 7.d5 Na5 8.Nd2 c5 
9.O-O a6 10.Qc2 Rb8 11.b3 b5 12.Bb2 bxc4 13.bxc4 e5 14.Rfb1 Bf5 15.e4 Bd7 
16.Ne2 Qc7 17.Bc3 Bh6 18.f4 Ng4 19.Qd3 Bg7 20.h3 Nh6 21.fxe5 Bxe5 22.Bxe5 
dxe5 23.d6 Rxb1+ 24.Rxb1 Qc8 25.Kh2 Kg7 26.Qa3 Nc6 27.Qxc5 f6 28.Qb6 Nf7 
29.c5 Ng5 30.h4 Ne6 31.Rf1 Qa8 32.Qb3 Nxc5 33.Qd5 Ne6 34.Bh3 Qe8 35.Rb1 
Ned8 36.Bxd7 Qxd7 37.Nc4 Qg4 38.Qd3 f5 39.Ne3 fxe4 40.Nxg4 exd3 41.Nc3 h5 
42.Ne3 e4 43.Kg2 Re8 44.Ncd5 1/2-1/2

[Event "37th World U20 ch"]
[Site "Kozhikode IND"]
[Date "1998.11.30"]
[Round "13.33"]
[White "Kosmac, Blazimir"]
[Black "Dias, Paulo"]
[Result "1/2-1/2"]
[WhiteElo "2175"]
[BlackElo "2295"]
[EventDate "1998.11.17"]
[PlyCount "37"]

1.e4 c6 2.d4 d5 3.Nc3 dxe4 4.Nxe4 Nd7 5.Nf3 Ngf6 6.Ng3 Qc7 7.Bd3 e6 8.O-O 
Bd6 9.Qe2 O-O 10.Bg5 Bf4 11.Rfe1 b6 12.Ne4 Bxg5 13.Nexg5 e5 14.c3 Bb7 15.
Ne4 exd4 16.cxd4 Rac8 17.Rad1 g6 18.h4 Nd5 19.Rc1 1/2-1/2

[Event "37th World U20 ch"]
[Site "Kozhikode IND"]
[Date "1998.11.30"]
[Round "13.35"]
[White "Menon, R. Praveen"]
[Black "Grotz, Harald"]
[Result "0-1"]
[WhiteElo "2005"]
[BlackElo "2225"]
[EventDate "1998.11.17"]
[PlyCount "102"]

1.c4 e5 2.Nc3 Nc6 3.g3 g6 4.Bg2 Bg7 5.e3 d6 6.Nge2 f5 7.d3 Nf6 8.O-O O-O 
9.f4 Be6 10.Nd5 Bf7 11.Nec3 Qd7 12.e4 Rae8 13.fxe5 dxe5 14.Bg5 Nxd5 15.
Nxd5 Be6 16.Qd2 Rf7 17.Rf2 Nd4 18.Bh6 Bh8 19.Raf1 c6 20.Ne3 Bg7 21.Bxg7 
Rxg7 22.b4 Rd8 23.Rd1 Qe7 24.a3 Qg5 25.Nc2 Qxd2 26.Rdxd2 Nxc2 27.Rxc2 Rxd3
28.Rfe2 f4 29.gxf4 exf4 30.Kf2 Rgd7 31.b5 Bg4 32.Re1 Rd2+ 33.Rxd2 Rxd2+ 
34.Kf1 f3 35.Bxf3 Bxf3 36.bxc6 bxc6 37.e5 Rxh2 38.Re3 Bd1 39.e6 Kf8 40.e7+
Ke8 41.Re6 Bf3 42.Re3 Bg4 43.c5 Rh3 44.Re4 h5 45.Ra4 Kxe7 46.Rxa7+ Ke6 47.
a4 Kd5 48.a5 Kxc5 49.Rg7 Bf5 50.a6 Ra3 51.a7 Kb6 0-1